1626 1318 1375 1462 1310 1340 1676 1756 1474 1361 1714 1606 1540 1956 1869 1802 1304 1849 1569 1823 1227 1044 1724 1380 1381 1820 1393 1855 1297 1435 1845 1660 1357 1829 1819 1805 1814 1951 1649 1734 1071 1124 1978 1398 1788 1440 1070 1782 1608 1354 1261 1473 1008 1612 1754 1687 1900 1290 1790 1152 1522 1210 1693 1021 1602 1727 1534 1938 1624 1199 1897 1203 1698 1674 1182 1065 1420 1298 1268 1412 1695 1733 1340 1770 1220 1342 1856 1913 1039 1040 1413 1928 1381 1946 1546 1520 1498 1468 1923 BCNSPRNW ULIB Ver.6.0+V

เปลี่ยนเป็นภาษาไทย

Change to English
 แสดงรายละเอียดบรรณานุกรม
  กลับหน้าหลัก

Brief Record : Get Marc (ISO 2709) : E-mail record : QR code < ปิดหน้าต่าง
LEADER : 00000nam 2200000uu 4500
001    13399109591
003     ULIB
008    110405s2543||||th 000 0 tha d
020    9743890254
060 04 WB395^bก567อ 2543
100 0  กำพล ศรีวัฒนกุล
245 10 อ้วนไขมัน /^cกำพล ศรีวัฒนกุล
260    กรุงเทพฯ :^bSkybook,^c2543
300    159 หน้า :^bภาพประกอบ
650  7 อ้วน
650  7 ไขมันส่วนเกิน
650  7 ลดน้ำหนัก
945    ^p150^l0^i019034
995    ทศพร
999 ^a ใช้งานได้ทุกระบบ
รายการนี้ยังไม่มีแท็ก
คุณยังไม่ได้ล็อกอิน คุณสามารถมีกิจกรรมร่วมกับเว็บไซต์ได้ แต่ต้องล็อกอินก่อน ::
  ล็อกอิน

รายการสื่อสารสนเทศ

ลำดับที่ ประเภท เลขเรียก/บาร์โค้ด สถานที่ สถานะ
- ไม่พบข้อมูล -

รายการใกล้เคียง
    ผู้แต่ง [กำพล ศรีวัฒนกุล]

    หัวเรื่อง [อ้วน]
    หัวเรื่อง [ลดน้ำหนัก]

BibComment


ยังไม่เคยถูกคอมเมนท์

คอมเมนท์ทรัพยากรรายการนี้
  คอมเมนท์: อ้วนไขมัน กำพล ศ..


 Copyright 2026. Bcnsprnw @Library